| 000 | 00487nam a2200121Ia 4500 | ||
|---|---|---|---|
| 008 | 181022s9999 xx 000 0 und d | ||
| 020 | _a9789719802419 | ||
| 100 | _aBarrot, Jessie Saraza. | ||
| 245 |
_cJessie Saraza Barrot.-- _aTechnical writer's survival kit : _ba guide to effective technical writing for college students and professionals / |
||
| 260 |
_aQuezon City : _bC & E publishing, Inc. _c2015 |
||
| 300 |
_avii, 301 pages. _billustrations ; _c26 cm. |
||
| 650 | _aTechnical writing. | ||
| 999 |
_c359287 _d359287 |
||